The use of kangkong (Ipomoea aquatica Forsk) plant as a bioassay for detergent-contaminated water / (Record no. 97355)
[ view plain ]
| 000 -LEADER | |
|---|---|
| fixed length control field | 00887nam a2200217 a 4500 |
| 003 - CONTROL NUMBER IDENTIFIER | |
| control field | 0 |
| 005 - DATE AND TIME OF LATEST TRANSACTION | |
| control field | 20250328093000.0 |
| 008 - FIXED-LENGTH DATA ELEMENTS--GENERAL INFORMATION | |
| fixed length control field | 050809s19uu xx 00 eng d |
| 050 ## - LIBRARY OF CONGRESS CALL NUMBER | |
| Classification number | PGS TD 427.D47.K36 |
| Item number | .D582 2005 |
| 100 ## - MAIN ENTRY--PERSONAL NAME | |
| Personal name | Dimagiba, Paolo Thomas G. |
| 245 ## - TITLE STATEMENT | |
| Title | The use of kangkong (Ipomoea aquatica Forsk) plant as a bioassay for detergent-contaminated water / |
| Statement of responsibility, etc | Paolo Thomas G. Dimagiba. |
| 260 ## - PUBLICATION, DISTRIBUTION, ETC. (IMPRINT) | |
| Place of publication, distribution, etc | Las Piñas City, Philippines : |
| Name of publisher, distributor, etc | Southville International School and Colleges, |
| Date of publication, distribution, etc | 2005. |
| 300 ## - PHYSICAL DESCRIPTION | |
| Extent | 54 pages : |
| Other physical details | illustrations ; |
| Dimensions | 28 cm. |
| 504 ## - BIBLIOGRAPHY, ETC. NOTE | |
| Bibliography, etc | Includes bibliographical references. |
| 650 ## - SUBJECT ADDED ENTRY--TOPICAL TERM | |
| Topical term or geographic name as entry element | Bioassay |
| Form subdivision | Environmental monitoring. |
| 650 ## - SUBJECT ADDED ENTRY--TOPICAL TERM | |
| Topical term or geographic name as entry element | Water |
| Form subdivision | Pollution |
| -- | Testing. |
| 650 ## - SUBJECT ADDED ENTRY--TOPICAL TERM | |
| Topical term or geographic name as entry element | Detergents |
| Form subdivision | Environmental aspects. |
| 650 ## - SUBJECT ADDED ENTRY--TOPICAL TERM | |
| Topical term or geographic name as entry element | Kangkong (Ipomoea aquatica) |
| Form subdivision | Toxicity testing. |
| 650 ## - SUBJECT ADDED ENTRY--TOPICAL TERM | |
| Topical term or geographic name as entry element | Phytoremediation |
| Form subdivision | Water contamination. |
| 942 ## - ADDED ENTRY ELEMENTS (KOHA) | |
| Source of classification or shelving scheme | Library of Congress Classification |
| Koha item type | PASS |
| Withdrawn status | Lost status | Source of classification or shelving scheme | Damaged status | Home library | Current library | Shelving location | Date acquired | Source of acquisition | Total Checkouts | Full call number | Barcode | Date last seen | Price effective from | Koha item type |
|---|---|---|---|---|---|---|---|---|---|---|---|---|---|---|
| Library of Congress Classification | Luxembourg Library | Luxembourg Library | Portfolio Assessment of SISC Students Section | 08/09/2005 | Donation | PGS TD 427.D47.K36 .D582 2005 | P1389 | 04/08/2014 | 04/08/2014 | PASS |